000 00420nam a22001337a 4500
040 _cNUST
082 _a200 THE
100 _aMuhammad Ali
_984322
110 _aSupervisor Dr. Azhar ul Haq
_984323
245 _aTH-SOF-1871-Design of Fixed Frequency Sliding Mode Controllers for Fourth Order Class-D Amplifier
260 _aISLAMABAD:
_bNUST COLLEGE OF EME,
_c2021.
650 _aMS-ELECT-17
_984324
942 _2ddc
_cTHE
999 _c586810
_d586810